000
00316nam a22001337a 4500
005
20170926114017.0
008
170926b xxu||||| |||| 00| 0 eng d
040
_c
PK-LaUMT
082
_a
ZIAC 297.05
_b
DIV-
245
_a
Divan ilmi arastirmalar/
260
_a
Istanbul:
_b
[ ]
_c
1996
300
_a
190 p.
942
_c
BK
999
_c
98519
_d
98519